Отладка устройств на основе микроконтроллера PIC12C508 с помощью PIC16F84A; Схемотехника; № 3

Opis bibliograficzny
Parent link:Схемотехника: научно-технический журнал.— , 2002-2007
№ 3.— 2003.— С. 35-37
1. autor: Брякин А. Алексей
Język:rosyjski
Wydane: 2003
Seria:Цифровая техника
Hasła przedmiotowe:
Format: MixedMaterials Rozdział
KOHA link:https://koha.lib.tpu.ru/cgi-bin/koha/opac-detail.pl?biblionumber=385546

MARC

LEADER 00000naa2a2200000 4500
001 385546
005 20231101063358.0
035 |a (RuTPU)RU\TPU\prd\13445 
090 |a 385546 
100 |a 20030507a2003 k y0rusy50 ca 
101 0 |a rus 
102 |a RU 
200 1 |a Отладка устройств на основе микроконтроллера PIC12C508 с помощью PIC16F84A  |f А. Брякин 
225 1 |a Цифровая техника 
461 1 |0 (RuTPU)RU\TPU\prd\2494  |t Схемотехника  |o научно-технический журнал  |d 2002-2007 
463 1 |0 (RuTPU)RU\TPU\prd\13059  |t № 3  |v С. 35-37  |d 2003 
610 1 |a микроконтроллеры 
610 1 |a программируемая память 
610 1 |a отладка устройств 
700 1 |a Брякин  |b А.  |g Алексей 
801 1 |a RU  |b 63413507  |c 20030507  |g PSBO 
801 2 |a RU  |b 63413507  |c 20131218  |g RCR 
942 |c BK